[Event "Barcelona La Lira op 12th"]
[Site "Barcelona"]
[Date "2019.05.30"]
[Round "8"]
[White "Romero Perera, Eugeni"]
[Black "Castillo Garcia, Pau"]
[Result "1/2-1/2"]
[WhiteElo "1922"]
[BlackElo "2118"]
[PlyCount "21"]
[EventDate "2019.04.04"]
[EventType "swiss"]
[EventRounds "9"]
[EventCountry "ESP"]
[SourceTitle "CBM 190 Extra"]
[Source "ChessBase"]
[SourceDate "2019.07.15"]
[SourceVersion "1"]
[SourceVersionDate "2019.07.15"]
[SourceQuality "1"]

1. d4 Nf6 2. Nf3 c5 3. d5 g6 4. c4 Bg7 5. Nc3 0-0 6. e4 d6 7. Be2 e5 8. Bg5 Na6 9. Qd2 Nc7 10. 0-0 a6 11. a4 1/2-1/2

[Event "Barcelona La Lira op 12th"]
[Site "Barcelona"]
[Date "2019.05.16"]
[Round "6"]
[White "Tortosa Moros, Joan"]
[Black "Castillo Garcia, Pau"]
[Result "0-1"]
[WhiteElo "1692"]
[BlackElo "2118"]
[PlyCount "70"]
[EventDate "2019.04.04"]
[EventType "swiss"]
[EventRounds "9"]
[EventCountry "ESP"]
[SourceTitle "CBM 190 Extra"]
[Source "ChessBase"]
[SourceDate "2019.07.15"]
[SourceVersion "1"]
[SourceVersionDate "2019.07.15"]
[SourceQuality "1"]

1. e4 Nf6 2. e5 Nd5 3. d4 d6 4. Nf3 g6 5. Bc4 c6 6. 0-0 Bg7 7. Re1 0-0 8. h3 dxe5 9. Nxe5 Nd7 10. Nf3 N7f6 11. Bb3 b5 12. a4 Nc7 13. axb5 cxb5 14. Bd2 Be6 15. Bxe6 Nxe6 16. Bb4 a5 17. Bc5 Nxc5 18. dxc5 Qxd1 19. Rxd1 Ne4 20. c3 Nxc5 21. Rd5 Rfc8 22. b4 Nb3 23. Ra3 a4 24. Rxb5 Rd8 25. Nd4 Bxd4 26. cxd4 Rac8 27. Rc5 Nxc5 28. bxc5 Rxd4 29. Nc3 Rd3 30. Kf1 Rxc5 31. Nb5 Rxa3 32. Nxa3 Rc3 33. Nb5 Rb3 34. Nd4 Rb1+ 35. Ke2 a3 0-1

[Event "Barcelona La Lira op 12th"]
[Site "Barcelona"]
[Date "2019.04.04"]
[Round "1"]
[White "Castillo Garcia, Pau"]
[Black "Serentill Tost, Eduard"]
[Result "0-1"]
[WhiteElo "2118"]
[BlackElo "1667"]
[PlyCount "106"]
[EventDate "2019.04.04"]
[EventType "swiss"]
[EventRounds "9"]
[EventCountry "ESP"]
[SourceTitle "CBM 190 Extra"]
[Source "ChessBase"]
[SourceDate "2019.07.15"]
[SourceVersion "1"]
[SourceVersionDate "2019.07.15"]
[SourceQuality "1"]

1. e4 c6 2. d4 d5 3. Nd2 dxe4 4. Nxe4 Bf5 5. Ng3 Bg6 6. h4 h6 7. Nh3 e6 8. Nf4 Bh7 9. Bc4 Nd7 10. Qe2 Qe7 11. Be3 Ngf6 12. 0-0-0 0-0-0 13. Bb3 Nd5 14. Nxd5 exd5 15. Qg4 g6 16. h5 g5 17. Rhe1 Qe6 18. Qf3 Qf6 19. Qg4 Bd6 20. Kb1 Rde8 21. Nh1 Re4 22. Qe2 Rhe8 23. Qd2 Qd8 24. Qc3 Kb8 25. f3 R4e6 26. Bf2 Nf6 27. g4 Bc7 28. Rxe6 Rxe6 29. Qd2 Bf4 30. Bg3 Bxg3 31. Nxg3 Qc7 32. Qf2 Qf4 33. Ne2 Nxg4 34. Nxf4 Nxf2 35. Nxe6 Nxd1 36. Nd8 Bg8 37. Kc1 Ne3 38. Kd2 Nf5 39. c3 Kc7 40. Bc2 Ng3 41. Bh7 Bxh7 42. Nxf7 Nxh5 43. Nxh6 Ng7 44. Ng4 Kd6 45. Ne5 Ke6 46. b3 Bf5 47. c4 Ne8 48. Kc3 Nd6 49. a4 Nf7 50. cxd5+ cxd5 51. Nxf7 Kxf7 52. Kb4 Ke6 53. Kc5 Bc2 0-1

[Event "Barcelona Primavera La Lira op 11th"]
[Site "Barcelona"]
[Date "2018.06.07"]
[Round "9"]
[White "Castillo Garcia, Pau"]
[Black "Hernandez Funes, Hector"]
[Result "1-0"]
[WhiteElo "2100"]
[BlackElo "1899"]
[PlyCount "47"]
[EventDate "2018.04.12"]
[EventType "swiss"]
[EventRounds "9"]
[EventCountry "ESP"]
[SourceTitle "CBM 184 Extra"]
[Source "ChessBase"]
[SourceDate "2018.06.28"]
[SourceVersion "1"]
[SourceVersionDate "2018.06.28"]
[SourceQuality "1"]

1. e4 c5 2. Nf3 d6 3. d4 cxd4 4. Nxd4 Nf6 5. Nc3 a6 6. Bg5 e6 7. f4 Qc7 8. Qf3 b5 9. 0-0-0 b4 10. Nd5 Nxd5 11. exd5 Bb7 12. Bd3 Nd7 13. Nxe6 Qa5 14. Rhe1 Ne5 15. fxe5 fxe6 16. exd6 Bxd5 17. Rxe6+ Kd7 18. Qf7+ Kc6 19. d7+ Bxe6 20. Qxe6+ Bd6 21. Be4+ Kb5 22. Rd5+ Bc5 23. Rxc5+ Kxc5 24. Qd5+ 1-0

[Event "Barcelona Primavera La Lira op 11th"]
[Site "Barcelona"]
[Date "2018.05.10"]
[Round "5"]
[White "Castillo Garcia, Pau"]
[Black "Capellades Subirana, Marc"]
[Result "1/2-1/2"]
[WhiteElo "2100"]
[BlackElo "2188"]
[PlyCount "42"]
[EventDate "2018.04.12"]
[EventType "swiss"]
[EventRounds "9"]
[EventCountry "ESP"]
[SourceTitle "CBM 184 Extra"]
[Source "ChessBase"]
[SourceDate "2018.06.28"]
[SourceVersion "1"]
[SourceVersionDate "2018.06.28"]
[SourceQuality "1"]

1. e4 e5 2. f4 exf4 3. Nf3 g5 4. h4 g4 5. Ne5 h5 6. Bc4 Rh7 7. d4 Bh6 8. Bxf7+ Rxf7 9. Nxf7 Kxf7 10. Bxf4 Bxf4 11. 0-0 Qxh4 12. Rxf4+ Kg7 13. Nc3 d6 14. Qd3 Nc6 15. Raf1 Be6 16. d5 Ne5 17. Qd4 Bd7 18. Ne2 Bb5 19. Qc3 Rc8 20. Nd4 Bd7 21. Nf3 Qe7 1/2-1/2

[Event "Barcelona Primavera La Lira op 11th"]
[Site "Barcelona"]
[Date "2018.04.12"]
[Round "1"]
[White "Castillo Garcia, Pau"]
[Black "Niubo Calvo, Juan"]
[Result "1-0"]
[WhiteElo "2100"]
[BlackElo "1756"]
[PlyCount "77"]
[EventDate "2018.04.12"]
[EventType "swiss"]
[EventRounds "9"]
[EventCountry "ESP"]
[SourceTitle "CBM 184 Extra"]
[Source "ChessBase"]
[SourceDate "2018.06.28"]
[SourceVersion "1"]
[SourceVersionDate "2018.06.28"]
[SourceQuality "1"]

1. e4 c5 2. Nf3 Nc6 3. d4 cxd4 4. Nxd4 Nf6 5. Nc3 e5 6. Ndb5 d6 7. a4 a6 8. Na3 Bg4 9. Be2 Bxe2 10. Qxe2 Be7 11. 0-0 Rc8 12. Bg5 0-0 13. Bxf6 Bxf6 14. Nd5 Nd4 15. Qd1 Be7 16. c3 Ne6 17. Nc2 Bg5 18. a5 Nc5 19. Nb6 Nb3 20. Ra4 Rc5 21. Ne3 Rxa5 22. Qxb3 Rb5 23. Rb4 Qxb6 24. Rxb5 Qxb5 25. Qxb5 axb5 26. Nd5 f5 27. exf5 Rxf5 28. f3 Rf7 29. Ra1 Rd7 30. Ra5 Kf7 31. Rxb5 Ke6 32. Kf2 Bc1 33. c4 Bg5 34. Ke2 Bd8 35. Kd3 g5 36. Ke4 h5 37. g3 Rf7 38. f4 g4 39. Rb3 1-0

[Event "Barcelona Ateneu Colon op 6th"]
[Site "Barcelona"]
[Date "2011.06.14"]
[Round "8"]
[White "Castillo Garcia, Pau"]
[Black "Ribera Nebot, Joan"]
[Result "1-0"]
[WhiteElo "2109"]
[BlackElo "2023"]
[PlyCount "81"]
[EventDate "2011.04.26"]
[EventType "swiss"]
[EventRounds "9"]
[EventCountry "ESP"]
[SourceTitle "EXT 2012"]
[Source "ChessBase"]
[SourceDate "2011.11.24"]
[SourceVersion "1"]
[SourceVersionDate "2011.11.24"]
[SourceQuality "1"]

1. e4 Nf6 2. e5 Nd5 3. d4 d6 4. c4 Nb6 5. exd6 cxd6 6. Nc3 Nc6 7. Be3 g6 8. Rc1 Bg7 9. b3 0-0 10. d5 Ne5 11. Be2 Ned7 12. f4 Nf6 13. Nf3 e6 14. dxe6 fxe6 15. 0-0 d5 16. c5 Nbd7 17. Bd4 b6 18. c6 Nc5 19. b4 Nce4 20. Ne5 Qe7 21. a3 a5 22. Qa4 axb4 23. Qxa8 bxc3 24. Bxb6 Nd2 25. Rxc3 Nfe4 26. Rcf3 Nxf1 27. Rxf1 Qh4 28. Be3 Qd8 29. Qa7 g5 30. g3 gxf4 31. Bxf4 d4 32. Nd3 Qd5 33. Bf3 e5 34. Nb4 Qc5 35. Qxc5 Nxc5 36. Bg5 Re8 37. Bh5 Rf8 38. Re1 Rf5 39. Bg4 Rxg5 40. Bxc8 e4 41. c7 1-0

[Event "Barcelona Ateneu Colon op 6th"]
[Site "Barcelona"]
[Date "2011.05.31"]
[Round "6"]
[White "Castillo Garcia, Pau"]
[Black "Riera Danes, Manel"]
[Result "1/2-1/2"]
[WhiteElo "2109"]
[BlackElo "2026"]
[PlyCount "26"]
[EventDate "2011.04.26"]
[EventType "swiss"]
[EventRounds "9"]
[EventCountry "ESP"]
[SourceTitle "EXT 2012"]
[Source "ChessBase"]
[SourceDate "2011.11.24"]
[SourceVersion "1"]
[SourceVersionDate "2011.11.24"]
[SourceQuality "1"]

1. e4 c5 2. Nf3 Nc6 3. d4 cxd4 4. Nxd4 Nf6 5. Nc3 d6 6. a4 Bd7 7. Bc4 Qb6 8. Be3 Ng4 9. Nf5 Nxe3 10. Nxe3 e6 11. 0-0 Be7 12. Nb5 Ne5 13. Be2 0-0 1/2-1/2

[Event "Barcelona Ateneu Colon op 5th"]
[Site "Barcelona"]
[Date "2010.05.18"]
[Round "6"]
[White "Lorente Munoz, Raul"]
[Black "Castillo Garcia, Pau"]
[Result "0-1"]
[WhiteElo "1951"]
[BlackElo "2146"]
[PlyCount "118"]
[EventDate "2010.04.13"]
[EventType "swiss"]
[EventRounds "9"]
[EventCountry "ESP"]
[SourceTitle "EXT 2011"]
[Source "ChessBase"]
[SourceDate "2010.11.26"]
[SourceVersion "1"]
[SourceVersionDate "2010.11.26"]
[SourceQuality "1"]

1. d4 Nf6 2. Nf3 c5 3. d5 g6 4. c4 Bg7 5. g3 0-0 6. Bg2 d6 7. 0-0 Na6 8. Nc3 Nc7 9. Re1 a6 10. a4 Rb8 11. a5 b5 12. axb6 Rxb6 13. Ra3 Rb4 14. Nd2 Bd7 15. Qc2 Qc8 16. Na2 Rb6 17. Nc3 Bh3 18. Bf3 Ng4 19. Nb3 Ne5 20. Na5 Nxf3+ 21. exf3 e5 22. Ne4 Bd7 23. Bg5 f6 24. Bd2 f5 25. Nc3 h6 26. Na4 Rb8 27. Rb1 f4 28. Nc6 Bxc6 29. dxc6 Ne8 30. Nc3 Qxc6 31. Nd5 Rb7 32. Rb3 Kh7 33. Rxb7 Qxb7 34. b4 Qf7 35. bxc5 dxc5 36. Rb6 fxg3 37. hxg3 Nf6 38. Nxf6+ Bxf6 39. Rxa6 Qb7 40. Ra5 Qxf3 41. Be3 Rd8 42. Ra7+ Bg7 43. Ra1 e4 44. Rb1 Bd4 45. Rb7+ Kg8 46. Qd2 Rd6 47. Qa5 Qd1+ 48. Kh2 Bxe3 49. Qa8+ Rd8 50. Rb8 Bg5 51. Rxd8+ Qxd8 52. Qxe4 Kh7 53. Qe6 Qe7 54. Qd5 Bf6 55. f3 Bd4 56. Kh3 Kg7 57. f4 Qf7 58. Qxf7+ Kxf7 59. g4 h5 0-1

[Event "Barcelona Edami op 8th"]
[Site "Barcelona"]
[Date "2010.02.02"]
[Round "1.5"]
[White "Castillo Garcia, Pau"]
[Black "Alquezar Calpena, Marc"]
[Result "1-0"]
[WhiteElo "2146"]
[BlackElo "1794"]
[PlyCount "53"]
[EventDate "2010.02.02"]
[EventType "swiss"]
[EventRounds "8"]
[EventCountry "ESP"]
[SourceTitle "EXT 2024"]
[Source "ChessBase"]
[SourceDate "2023.10.10"]
[SourceVersion "1"]
[SourceVersionDate "2023.10.10"]
[SourceQuality "1"]

1. e4 e6 2. d4 d5 3. Nd2 Nf6 4. e5 Nfd7 5. Bd3 c5 6. c3 Nc6 7. Ne2 cxd4 8. cxd4 f6 9. exf6 Nxf6 10. 0-0 Bd6 11. Nf3 0-0 12. Bf4 Qc7 13. Bxd6 Qxd6 14. Rc1 Bd7 15. Bb1 Rac8 16. a3 h6 17. b4 Ng4 18. Ng3 e5 19. dxe5 Ncxe5 20. Rxc8 Bxc8 21. Nxe5 Nxe5 22. Qd4 Nc6 23. Qd3 Bg4 24. f3 Bd7 25. Rd1 Be6 26. Qh7+ Kf7 27. Bg6+ 1-0

[Event "Barcelona Tancat Sant Marti 1st"]
[Site "Barcelona"]
[Date "2009.11.14"]
[Round "7"]
[White "Castillo Garcia, Pau"]
[Black "Subirachs Mancebo, Guillem"]
[Result "1-0"]
[WhiteElo "2161"]
[BlackElo "2084"]
[PlyCount "110"]
[EventDate "2009.10.03"]
[EventType "tourn"]
[EventRounds "9"]
[EventCountry "ESP"]
[SourceTitle "EXT 2024"]
[Source "ChessBase"]
[SourceDate "2023.10.10"]
[SourceVersion "1"]
[SourceVersionDate "2023.10.10"]
[SourceQuality "1"]

1. e4 c5 2. Nf3 Nc6 3. d4 cxd4 4. Nxd4 Nf6 5. Nc3 e6 6. Be3 Bb4 7. Bd3 d5 8. Nxc6 bxc6 9. e5 d4 10. exf6 dxe3 11. fxg7 exf2+ 12. Kf1 Rg8 13. Qf3 Rxg7 14. Ne4 Be7 15. Rd1 Bd7 16. Nxf2 Qb6 17. b3 0-0-0 18. Ke2 f5 19. a4 Qa5 20. g3 Kc7 21. Bc4 e5 22. Qe3 Qc5 23. Qc3 Be6 24. Nd3 Bxc4 25. bxc4 Rxd3 26. cxd3 Bg5 27. d4 exd4 28. Qxd4 Re7+ 29. Kf1 Qxd4 30. Rxd4 Re3 31. Kg2 Ra3 32. Rf1 Be3 33. Rh4 h6 34. Rxf5 Rxa4 35. Re4 Ra2+ 36. Kh3 Bg1 37. c5 Kb7 38. Rb4+ Ka6 39. Rb1 Rxh2+ 40. Kg4 Bd4 41. Rf4 h5+ 42. Kf5 Rd2 43. Re4 Ka5 44. Re6 Bxc5 45. Rxc6 Bb6 46. Rc4 Rd3 47. Rc2 Ka6 48. Rg2 Kb7 49. Kg6 Rd5 50. Rh1 a5 51. Rxh5 Rxh5 52. Kxh5 Kc6 53. Rb2 Kc5 54. g4 a4 55. g5 a3 1-0

[Event "Barcelona Tancat Sant Marti 1st"]
[Site "Barcelona"]
[Date "2009.10.31"]
[Round "5"]
[White "Castillo Garcia, Pau"]
[Black "Sanchez Ibern, Eric"]
[Result "1/2-1/2"]
[WhiteElo "2161"]
[BlackElo "2088"]
[PlyCount "25"]
[EventDate "2009.10.03"]
[EventType "tourn"]
[EventRounds "9"]
[EventCountry "ESP"]
[SourceTitle "EXT 2024"]
[Source "ChessBase"]
[SourceDate "2023.10.10"]
[SourceVersion "1"]
[SourceVersionDate "2023.10.10"]
[SourceQuality "1"]

1. e4 e6 2. d4 d5 3. e5 c5 4. c3 Nc6 5. Nf3 Qb6 6. Be2 f6 7. exf6 Nxf6 8. 0-0 Bd6 9. a3 0-0 10. b4 cxd4 11. cxd4 Bd7 12. Bb2 Rae8 13. Nc3 1/2-1/2

[Event "Barcelona Tancat Sant Marti 1st"]
[Site "Barcelona"]
[Date "2009.10.10"]
[Round "2"]
[White "Castillo, Sergio"]
[Black "Castillo Garcia, Pau"]
[Result "1-0"]
[WhiteElo "2123"]
[BlackElo "2161"]
[PlyCount "119"]
[EventDate "2009.10.03"]
[EventType "tourn"]
[EventRounds "9"]
[EventCountry "ESP"]
[SourceTitle "EXT 2024"]
[Source "ChessBase"]
[SourceDate "2023.10.10"]
[SourceVersion "1"]
[SourceVersionDate "2023.10.10"]
[SourceQuality "1"]

1. e4 Nf6 2. e5 Nd5 3. d4 d6 4. Nf3 g6 5. Bc4 c6 6. 0-0 Bg7 7. Re1 0-0 8. Bg5 Re8 9. Nbd2 b5 10. Bb3 Be6 11. exd6 Qxd6 12. Ne4 Qc7 13. h3 Nd7 14. c3 a5 15. a4 Qb6 16. axb5 cxb5 17. Qd2 Rad8 18. Bh6 Bh8 19. Neg5 Nf8 20. Bxf8 Rxf8 21. Nxe6 fxe6 22. Ng5 Rd6 23. Nxe6 Rc8 24. Nf4 Rcd8 25. Nxd5 Rxd5 26. Rxe7 Bf6 27. Re2 Kg7 28. Bxd5 Rxd5 29. Rae1 Qd8 30. Re6 b4 31. Qf4 Bg5 32. Qf3 bxc3 33. bxc3 Rf5 34. Qb7+ Rf7 35. Qb5 Bd2 36. Qe5+ Kh6 37. Re4 Bxc3 38. Rd6 Qg5 39. Qxg5+ Kxg5 40. Re3 Bb4 41. Rg3+ Kh6 42. Ra6 Rd7 43. Rd3 Kg5 44. Kf1 Kf4 45. Ke2 Ke4 46. d5 Rd6 47. Rxd6 Bxd6 48. Kd2 a4 49. Kc2 a3 50. Rd1 g5 51. Kb3 h5 52. Kc4 g4 53. hxg4 hxg4 54. Re1+ Kf4 55. Kb3 Bc5 56. Re2 Kf5 57. Kc4 Bd6 58. Kb5 Be5 59. Ra2 Ke4 60. Kc6 1-0

[Event "Catalunya-chT Primera Gp1"]
[Site "Catalunya"]
[Date "2008.02.17"]
[Round "4"]
[White "Miralles Brugues, Rafael"]
[Black "Castillo Garcia, Pau"]
[Result "0-1"]
[WhiteElo "2061"]
[BlackElo "2135"]
[PlyCount "60"]
[EventDate "2008.01.27"]
[EventType "team-tourn"]
[EventRounds "9"]
[EventCountry "ESP"]
[SourceTitle "EXT 2019"]
[Source "ChessBase"]
[SourceDate "2018.10.10"]
[SourceVersion "1"]
[SourceVersionDate "2018.10.10"]
[SourceQuality "1"]

1. Nf3 b5 2. c3 c5 3. d4 cxd4 4. Nxd4 Qb6 5. Qb3 a6 6. a4 b4 7. a5 Qc7 8. Bd2 e5 9. Nf3 Nc6 10. cxb4 Rb8 11. Qc4 Bxb4 12. Bc3 Nf6 13. e4 0-0 14. Nbd2 Bxc3 15. bxc3 d6 16. Bd3 Rb5 17. 0-0 Be6 18. Qa4 Rxa5 19. Qc2 Rc5 20. Bxa6 Nb4 21. Qa4 Nxa6 22. Qxa6 Rxc3 23. Rfd1 Rc8 24. h3 Bc4 25. Nxc4 Rxc4 26. Nd2 Rc6 27. Qd3 Rc3 28. Qa6 d5 29. exd5 Nxd5 30. Ne4 Rc6 0-1